The Gifts and Fruits of the Holy Spirit (In 60 Seconds) Quiz Stats

 Plays Quiz not verified by Sporcle

Challenge
Share
Tweet
Embed
Score 0/19 Timer 01:00
0 Plays Today
% Correct
Joy
68.6%
Peace
65.7%
Wisdom
64%
Kindness
53.6%
Patience
52.4%
Understanding
51%
Knowledge
49.8%
Piety
49.4%
Fear of the Lord
49.2%
Charity
47.7%
% Correct
Goodness
45.4%
Gentleness
42.3%
Fortitude
42.1%
Counsel
39.7%
Self-control
39.6%
Faithfulness
36.4%
Chastity
32.3%
Generosity
30.6%
Modesty
23.6%

You're not logged in!

Compare scores with friends on all Sporcle quizzes.
Join for Free
OR
Log In

You Might Also Like...

Show Comments

Extras

Top Quizzes Today


Score Distribution

Your Account Isn't Verified!

In order to create a playlist on Sporcle, you need to verify the email address you used during registration. Go to your Sporcle Settings to finish the process.

Report this User

Report this user for behavior that violates our Community Guidelines.

Details: